[Event "Lovsprings op 12th C"]
[Site "Ringsted"]
[Date "2001.04.20"]
[Round "6"]
[White "Elholm, Tommy"]
[Black "Eckert, Svend"]
[Result "0-1"]
[WhiteElo "1606"]
[BlackElo "1642"]
[PlyCount "102"]
[EventDate "2001.03.02"]
[EventType "swiss"]
[EventRounds "7"]
[EventCountry "DEN"]
[SourceTitle "EXT 2023"]
[Source "ChessBase"]
[SourceDate "2022.10.05"]
[SourceVersion "1"]
[SourceVersionDate "2022.10.05"]
[SourceQuality "1"]

1. d4 Nf6 2. c4 e5 3. dxe5 Ne4 4. Nf3 d6 5. g3 Nc6 6. exd6 Bxd6 7. Bg2 Bb4+ 8. Nbd2 Bg4 9. 0-0 Nd6 10. Qc2 0-0 11. c5 Nf5 12. e3 Qe7 13. Nb3 a5 14. a4 Rad8 15. h3 Bxf3 16. Bxf3 g6 17. Bxc6 bxc6 18. e4 Nd4 19. Nxd4 Rxd4 20. Be3 Rxe4 21. Rad1 Re5 22. h4 Re8 23. Rc1 Qe6 24. Kh2 Rd8 25. Rfd1 Rxd1 26. Qxd1 Rd5 27. Qf3 Qe5 28. Rc2 Bxc5 29. Bxc5 Rxc5 30. Re2 Qd6 31. Re8+ Kg7 32. Qe3 Rc4 33. Qe5+ Qxe5 34. Rxe5 Rxa4 35. Rc5 Ra2 36. Rxc6 Rxb2 37. Kg2 a4 38. Rxc7 a3 39. Ra7 a2 40. Ra6 Kf8 41. Kf3 h5 42. Ke3 Ke7 43. f3 Kd7 44. g4 hxg4 45. fxg4 Kc7 46. h5 gxh5 47. gxh5 Kb7 48. Ra4 Rh2 49. h6 Rh3+ 50. Kf2 Rxh6 51. Rb4+ Rb6 0-1

[Event "Lovsprings op 12th C"]
[Site "Ringsted"]
[Date "2001.03.30"]
[Round "5"]
[White "Jensen, Dan Bronnum"]
[Black "Elholm, Tommy"]
[Result "0-1"]
[WhiteElo "1339"]
[BlackElo "1606"]
[PlyCount "68"]
[EventDate "2001.03.02"]
[EventType "swiss"]
[EventRounds "7"]
[EventCountry "DEN"]
[SourceTitle "EXT 2023"]
[Source "ChessBase"]
[SourceDate "2022.10.05"]
[SourceVersion "1"]
[SourceVersionDate "2022.10.05"]
[SourceQuality "1"]

1. c4 Nf6 2. Nc3 c6 3. Nf3 d6 4. g3 g6 5. Bg2 Bg7 6. d3 0-0 7. Bg5 Nbd7 8. 0-0 Re8 9. Rb1 h6 10. Bd2 e5 11. Qc1 Kh7 12. b4 Nh5 13. b5 f5 14. a4 Nhf6 15. e4 Nc5 16. Ne1 fxe4 17. dxe4 Be6 18. Na2 Nfxe4 19. Be3 Bf5 20. Rb4 a5 21. bxa6 Rxa6 22. f3 Nf6 23. g4 Bd3 24. Rf2 Nfd7 25. Rd2 e4 26. fxe4 Bxe4 27. Bf2 Bxg2 28. Nxg2 Ne4 29. Re2 Nxf2 30. Kxf2 Ne5 31. Qd2 Rf8+ 32. Nf4 Rxf4+ 33. Kg2 Rxg4+ 34. Kh1 Rg1+ 0-1

[Event "Lovsprings op 10th C"]
[Site "Ringsted"]
[Date "1998.04.17"]
[Round "4"]
[White "Hansen, John Brangstrup"]
[Black "Elholm, Tommy"]
[Result "0-1"]
[WhiteElo "1597"]
[BlackElo "1585"]
[PlyCount "68"]
[EventDate "1998.03.13"]
[EventType "swiss"]
[EventRounds "7"]
[EventCountry "DEN"]
[SourceTitle "EXT 2023"]
[Source "ChessBase"]
[SourceDate "2022.10.05"]
[SourceVersion "1"]
[SourceVersionDate "2022.10.05"]
[SourceQuality "1"]

1. d4 Nf6 2. c4 c5 3. d5 b5 4. e3 bxc4 5. Bxc4 d6 6. Nc3 g6 7. Nge2 Bg7 8. b3 0-0 9. 0-0 Nbd7 10. Ng3 Ne5 11. Be2 Rb8 12. e4 Rb4 13. Qc2 h5 14. f3 h4 15. Nh1 c4 16. Bd2 Qb6+ 17. Nf2 cxb3 18. axb3 Rxb3 19. Rfb1 Rxb1+ 20. Rxb1 Qc7 21. Qa2 Bd7 22. Nb5 Bxb5 23. Rxb5 Rc8 24. Be3 Qc3 25. Bxa7 Qe1+ 26. Bf1 Rc1 27. Rb8+ Kh7 28. Qa6 Nc4 29. Qxc4 Rxc4 30. Nd3 Qa1 31. Be3 Nh5 32. Rb7 Bd4 33. Bxd4 Qxd4+ 34. Kh1 Qxd3 0-1

[Event "Lovsprings op 10th C"]
[Site "Ringsted"]
[Date "1998.03.13"]
[Round "1"]
[White "Nilsson, Jonas Gosta"]
[Black "Elholm, Tommy"]
[Result "1/2-1/2"]
[WhiteElo "1471"]
[BlackElo "1585"]
[PlyCount "92"]
[EventDate "1998.03.13"]
[EventType "swiss"]
[EventRounds "7"]
[EventCountry "DEN"]
[SourceTitle "EXT 2023"]
[Source "ChessBase"]
[SourceDate "2022.10.05"]
[SourceVersion "1"]
[SourceVersionDate "2022.10.05"]
[SourceQuality "1"]

1. e4 e5 2. Nf3 Nc6 3. d4 exd4 4. Nxd4 Qf6 5. Be3 a6 6. c3 Nge7 7. Be2 d6 8. Nd2 Bd7 9. b4 Qg6 10. Rg1 Nxd4 11. cxd4 d5 12. e5 Nf5 13. Qb3 c6 14. Bd3 Qe6 15. Bxf5 Qxf5 16. f4 h5 17. a3 Be7 18. h3 Qg6 19. 0-0-0 Bf5 20. Kb2 Qe6 21. Qc3 Rh6 22. Nb3 b6 23. Rc1 Rc8 24. g4 hxg4 25. hxg4 Rh2+ 26. Ka1 Bxg4 27. Qd3 Be2 28. Qd2 Qh3 29. Rc3 Bc4 30. Bf2 Qh6 31. Qe1 Kd8 32. Nd2 Bb5 33. Nf3 Rh5 34. Be3 Qh7 35. Qg3 g6 36. e6 fxe6 37. Ne5 Rh1 38. Qxg6 Rxg1+ 39. Bxg1 Qxg6 40. Nxg6 Kd7 41. Ne5+ Kc7 42. Rg3 Bf6 43. Rg6 Bxe5 44. dxe5 Re8 45. Rg7+ Kc8 46. Bxb6 Rf8 1/2-1/2

[Event "Lovsprings op 09th C"]
[Site "Ringsted"]
[Date "1997.03.21"]
[Round "2"]
[White "Elholm, Tommy"]
[Black "Lassur, Benjamin"]
[Result "1-0"]
[WhiteElo "1644"]
[BlackElo "1686"]
[PlyCount "35"]
[EventDate "1997.03.14"]
[EventType "swiss"]
[EventRounds "7"]
[EventCountry "DEN"]
[SourceTitle "EXT 2023"]
[Source "ChessBase"]
[SourceDate "2022.10.05"]
[SourceVersion "1"]
[SourceVersionDate "2022.10.05"]
[SourceQuality "1"]

1. d4 Nf6 2. c4 e5 3. dxe5 Ng4 4. Nf3 Nc6 5. Nc3 Bb4 6. Bd2 Qe7 7. e3 Ngxe5 8. Be2 d6 9. 0-0 Nxf3+ 10. Bxf3 Ne5 11. Nd5 Nxf3+ 12. Qxf3 Qd8 13. Bxb4 h5 14. Bc3 Qg5 15. Nxc7+ Kd8 16. Nxa8 Bg4 17. Qxb7 Rh6 18. Qd5 1-0

[Event "Lovsprings op 09th C"]
[Site "Ringsted"]
[Date "1997.03.14"]
[Round "1"]
[White "Dickow, Flemming"]
[Black "Elholm, Tommy"]
[Result "0-1"]
[WhiteElo "1585"]
[BlackElo "1644"]
[PlyCount "54"]
[EventDate "1997.03.14"]
[EventType "swiss"]
[EventRounds "7"]
[EventCountry "DEN"]
[SourceTitle "EXT 2023"]
[Source "ChessBase"]
[SourceDate "2022.10.05"]
[SourceVersion "1"]
[SourceVersionDate "2022.10.05"]
[SourceQuality "1"]

1. e4 c5 2. Nf3 d6 3. d4 cxd4 4. Nxd4 Nf6 5. Nc3 a6 6. Bg5 e6 7. f4 Be7 8. Qf3 Qc7 9. 0-0-0 Nbd7 10. g4 b5 11. Bd3 Bb7 12. Rhe1 Nc5 13. Re3 Rc8 14. Bxf6 Bxf6 15. Bxb5+ Nd7 16. Bxd7+ Qxd7 17. g5 Bxd4 18. Rxd4 0-0 19. Qd1 d5 20. exd5 exd5 21. Nxd5 Bxd5 22. Rxd5 Qa4 23. Kb1 Qxf4 24. Rh3 Rfe8 25. a3 Rb8 26. Qd3 g6 27. Qg3 Qf1+ 0-1

[Event "Lovsprings op 08th B"]
[Site "Ringsted"]
[Date "1996.04.26"]
[Round "7"]
[White "Olsen, Morten Henrik"]
[Black "Elholm, Tommy"]
[Result "1-0"]
[WhiteElo "1765"]
[BlackElo "1680"]
[PlyCount "57"]
[EventDate "1996.03.08"]
[EventType "swiss"]
[EventRounds "7"]
[EventCountry "DEN"]
[SourceTitle "EXT 2023"]
[Source "ChessBase"]
[SourceDate "2022.10.05"]
[SourceVersion "1"]
[SourceVersionDate "2022.10.05"]
[SourceQuality "1"]

1. e4 c5 2. Nf3 d6 3. d4 cxd4 4. Nxd4 Nf6 5. Nc3 a6 6. Be3 b5 7. Be2 e6 8. g4 b4 9. Na4 Bb7 10. f3 Be7 11. Bc4 0-0 12. Qd2 d5 13. exd5 Nxd5 14. Bxd5 Bxd5 15. g5 Nd7 16. h4 Qa5 17. b3 Ne5 18. Qe2 Rac8 19. Rh2 Bd6 20. f4 Nc6 21. Nf3 Bxf3 22. Qxf3 Qf5 23. 0-0-0 Be5 24. Rhd2 Bc3 25. Rd6 Ne5 26. Qb7 Bb2+ 27. Kxb2 Qxc2+ 28. Ka1 Qe2 29. Qxc8 1-0

[Event "Lovsprings op 08th B"]
[Site "Ringsted"]
[Date "1996.03.08"]
[Round "1"]
[White "Elholm, Tommy"]
[Black "Sorensen, Lindved"]
[Result "0-1"]
[WhiteElo "1680"]
[BlackElo "1662"]
[PlyCount "67"]
[EventDate "1996.03.08"]
[EventType "swiss"]
[EventRounds "7"]
[EventCountry "DEN"]
[SourceTitle "EXT 2023"]
[Source "ChessBase"]
[SourceDate "2022.10.05"]
[SourceVersion "1"]
[SourceVersionDate "2022.10.05"]
[SourceQuality "1"]

1. d4 Nf6 2. c4 c5 3. d5 e6 4. Nc3 exd5 5. cxd5 d6 6. e4 g6 7. Bd3 Bg7 8. Bg5 0-0 9. Qc2 a6 10. a4 Qa5 11. Bd2 Re8 12. Nge2 Qc7 13. Ng3 Nbd7 14. 0-0 Ne5 15. Be2 c4 16. Rac1 Bd7 17. h3 b5 18. f4 Qb6+ 19. Kh1 Nd3 20. Bxd3 cxd3 21. Qxd3 bxa4 22. e5 dxe5 23. fxe5 Nh5 24. Nxh5 gxh5 25. e6 fxe6 26. Qg3 Qxb2 27. Ne4 Re7 28. Bc3 Qb8 29. d6 Bb5 30. Be5 Bxf1 31. Rxf1 Qb5 32. Nf6+ Kh8 33. Qf3 Rea7 34. Rc1 0-1

[Event "Lovsprings op 07th C"]
[Site "Ringsted"]
[Date "1995.03.31"]
[Round "4"]
[White "Elholm, Tommy"]
[Black "Jensen, Dan Bronnum"]
[Result "1-0"]
[WhiteElo "1684"]
[BlackElo "1601"]
[PlyCount "79"]
[EventDate "1995.03.10"]
[EventType "swiss"]
[EventRounds "7"]
[EventCountry "DEN"]
[SourceTitle "EXT 2023"]
[Source "ChessBase"]
[SourceDate "2022.10.05"]
[SourceVersion "1"]
[SourceVersionDate "2022.10.05"]
[SourceQuality "1"]

1. d4 d5 2. c4 e6 3. Nf3 Nf6 4. Bg5 Nbd7 5. Nbd2 c6 6. c5 Qa5 7. Bxf6 Nxf6 8. e3 Be7 9. Bd3 b6 10. cxb6 axb6 11. 0-0 Qa7 12. a3 Bd6 13. Rc1 Bb7 14. Re1 0-0 15. e4 dxe4 16. Nxe4 Be7 17. Ne5 Nxe4 18. Rxe4 c5 19. Rg4 f5 20. Rg3 Rad8 21. Qh5 Rf6 22. Rh3 h6 23. Bb5 Qa8 24. Bd7 Bd5 25. Rg3 Bd6 26. Bb5 Qb7 27. Nd7 Bxg3 28. Nxf6+ gxf6 29. hxg3 Qg7 30. dxc5 bxc5 31. Rxc5 Bb3 32. Rc3 Bd1 33. Be2 Ba4 34. Qh4 Be8 35. Qb4 Qd7 36. Qf4 Qg7 37. Rc7 Qg6 38. Qe3 Bf7 39. b4 Kg7 40. Qxe6 1-0